00872nam a2200241 i 4500001000300000245009400003260004300097300009400140650001700234700003200251020002200283020002200305040000800327041000700335080001200342920002500354920002500379942000700404008004100411999001700452856009800469952006300567bg00aNowa encyklopedia powszechna PWN /c[red. prowadzący Dariusz Kalisiewicz].nT. 5,pP-S. aWarszawa :bWydaw. Naukowe PWN,c1996. a1005, [3] s. :bil. (gł. kolor.), faks., fot., mapy, nuty, portr., rys., wykr. ;c30 cm. 9aEncyklopedia1 aKALISIEWICZ, Dariusz.eRed. a8301119683 (t. 5) a830111097X (6 t.) cBPK0 apl a0/9(03) a83-01-11968-3 (t. 5) a83-01-11097-X (6 t.) cKS s pl f |000 0 pol  c31292d31292 uhttp://koha.tu.koszalin.pl/cgi-bin/koha/opac-detail.pl?biblionumber=31292yKatalog online BPK 00104071aBPKbBPKceho38514p01203837t0/9(03) E.SyKS